| 000 | 00756nam a22001937a 4500 | ||
|---|---|---|---|
| 008 | 090709t xxu||||| |||| 00| 0 eng d | ||
| 020 | _a1843402424 | ||
| 082 |
_a153.35 _bALL |
||
| 100 | 1 |
_aAllen, Robert _q(Robert P.) _97849 |
|
| 245 |
_aBoost your creativity / _cRobert Allen. |
||
| 260 |
_aLondon : _bCollins & Brown , _cc2005. |
||
| 300 |
_a128 p. : _bcol. ill. ; _c27 cm. |
||
| 500 | _aIncludes index. | ||
| 650 | 0 |
_aCreative thinking. _97850 |
|
| 650 | 0 |
_aCreative ability. _97851 |
|
| 650 | 0 |
_aDevelopmental psychology. _97852 |
|
| 942 |
_2ddc _cBB |
||
| 999 |
_c12289 _d12289 |
||